00245nam a2200097 a 4500008004100000050001600041100002200057245004200079350000900121700001700130120416s9999 xx |||||||||||||| || u aNA 2540 Hut aHutchinson, Peter10aClimate data for architects in Zambia a0.00 aElgie, Ian D